عرض عادي
عرض مارك
- Reluctance motors.
مدخل مصطلح موضوعي
001 - رقم الضبط
- حقل الضبط: 51851
003 - معرف رقم الضبط
- حقل الضبط: OSt
005 - تاريخ ووقت أخر عملية
- حقل الضبط: 20151011182013.0
008 - عناصر بيانات ثابتة الطول
- حقل تحكم ثابت الطول: 151011|| aca||aabn | a|a d
040 ## - مصدر الفهرسة
- هيئة الفهرسة الأصلية: OSt
- وكالة الكتابة: OSt
150 ## - مدخل-- مصطلح تاريخي
- عنصر مدخل المصطلح الموضوعي او الاسم الجغرافي: Reluctance motors.
670 ## - بيانات المصدر موجوده
- الاستشهاد بالمصدر: Work cat.: (OSt)0: Miller, T. J. E. (Timothy John Eastham), 1947- 51848, Switched reluctance motors and their control /, 1993.
